[Event "Madrid Villaverde op 14th"]
[Site "Madrid"]
[Date "2011.04.12"]
[Round "6"]
[White "Vazquez Gonzalez, Jesus"]
[Black "Cruz Monzon, Jose"]
[Result "1-0"]
[WhiteElo "2091"]
[BlackElo "1974"]
[PlyCount "111"]
[EventDate "2011.04.04"]
[EventType "swiss"]
[EventRounds "8"]
[EventCountry "ESP"]
[SourceTitle "EXT 2012"]
[Source "ChessBase"]
[SourceDate "2011.11.24"]
[SourceVersion "1"]
[SourceVersionDate "2011.11.24"]
[SourceQuality "1"]

1. e4 c5 2. d3 Nc6 3. Nf3 g6 4. g3 Bg7 5. Bg2 e6 6. 0-0 Nge7 7. Nbd2 0-0 8. Re1 d6 9. c3 Bd7 10. h4 f5 11. Nf1 Ne5 12. Nxe5 dxe5 13. exf5 Nxf5 14. Bxb7 Rb8 15. Bg2 Qb6 16. Qe2 Bc6 17. Bxc6 Qxc6 18. Qe4 Qb6 19. Ne3 Nd6 20. Qg4 Rbe8 21. Nc4 Nxc4 22. Qxc4 Qb7 23. Qe4 Qb6 24. b3 Rf5 25. Be3 Ref8 26. b4 Qd8 27. Bxc5 R8f7 28. Re2 g5 29. hxg5 Rxg5 30. Rae1 Rf4 31. Qc6 Qxd3 32. Qxe6+ Rf7 33. Re3 Qd8 34. Rf3 Bf6 35. Bxa7 Qd2 36. Rf1 Rg6 37. Qc4 Qd7 38. Be3 h5 39. Kg2 Rg4 40. Qa6 Qd5 41. b5 e4 42. Rf4 Rxf4 43. gxf4 Rg7+ 44. Kh2 Qf5 45. f3 exf3 46. Qa8+ Kh7 47. Qxf3 Qxb5 48. Qe4+ Kg8 49. c4 Qb2+ 50. Rf2 Qa1 51. Qe8+ Kh7 52. Qxh5+ Kg8 53. Qe8+ Kh7 54. Re2 Qb1 55. Bd4 Qf5 56. Qe4 1-0

[Event "Madrid Villaverde op 14th"]
[Site "Madrid"]
[Date "2011.04.07"]
[Round "4"]
[White "Martinez Miura, Enrique"]
[Black "Cruz Monzon, Jose"]
[Result "1/2-1/2"]
[WhiteElo "1717"]
[BlackElo "1974"]
[PlyCount "69"]
[EventDate "2011.04.04"]
[EventType "swiss"]
[EventRounds "8"]
[EventCountry "ESP"]
[SourceTitle "EXT 2012"]
[Source "ChessBase"]
[SourceDate "2011.11.24"]
[SourceVersion "1"]
[SourceVersionDate "2011.11.24"]
[SourceQuality "1"]

1. e4 c5 2. c4 Nc6 3. Nc3 e6 4. g3 g6 5. Bg2 Bg7 6. Nge2 Nge7 7. d3 0-0 8. 0-0 d5 9. Rb1 dxc4 10. dxc4 Nd4 11. Nxd4 cxd4 12. Ne2 Nc6 13. Nf4 Bd7 14. Nd3 Rc8 15. f4 Qe7 16. Bd2 Rfd8 17. b4 a6 18. b5 axb5 19. cxb5 Na7 20. Bb4 Qe8 21. Ba5 Nxb5 22. Bxd8 Nc3 23. Qb3 Nxb1 24. Rxb1 Qxd8 25. Qxb7 Rc3 26. Bf1 h5 27. Qa7 Kh7 28. Rb8 Rc7 29. Qb6 Bc8 30. Nc5 Qe7 31. Nd3 Rb7 32. Rxb7 Qxb7 33. Qxb7 Bxb7 34. e5 Bf8 35. Kf2 1/2-1/2

[Event "Madrid Villaverde op 14th"]
[Site "Madrid"]
[Date "2011.04.06"]
[Round "3"]
[White "Cruz Monzon, Jose"]
[Black "Martin Duque, Jesus"]
[Result "0-1"]
[WhiteElo "1974"]
[BlackElo "2113"]
[PlyCount "60"]
[EventDate "2011.04.04"]
[EventType "swiss"]
[EventRounds "8"]
[EventCountry "ESP"]
[SourceTitle "EXT 2012"]
[Source "ChessBase"]
[SourceDate "2011.11.24"]
[SourceVersion "1"]
[SourceVersionDate "2011.11.24"]
[SourceQuality "1"]

1. d4 Nf6 2. c4 c5 3. d5 b5 4. cxb5 a6 5. bxa6 g6 6. Nc3 Bxa6 7. Nf3 d6 8. e4 Bxf1 9. Kxf1 Bg7 10. g3 Nbd7 11. Kg2 0-0 12. Re1 Qb6 13. h3 Ne8 14. Re2 Nc7 15. a4 Na6 16. Ra3 Nb4 17. Be3 Rfb8 18. Nd2 Qa6 19. Nb5 Bxb2 20. Nc7 Qb7 21. Nxa8 Bxa3 22. Nc4 Rxa8 23. Nxa3 Nb6 24. Bh6 Nxa4 25. Qd2 Nb6 26. h4 f6 27. Qe3 Qa6 28. Nb1 Nc4 29. Qf3 Ne5 30. Qe3 Ng4 0-1

[Event "Madrid Villaverde op 13th"]
[Site "Madrid"]
[Date "2010.07.02"]
[Round "5"]
[White "Cruz Monzon, Jose"]
[Black "Gemy Vargas, Jose Daniel"]
[Result "0-1"]
[WhiteElo "1984"]
[BlackElo "2271"]
[PlyCount "104"]
[EventDate "2010.06.28"]
[EventType "swiss"]
[EventRounds "9"]
[EventCountry "ESP"]
[SourceTitle "EXT 2011"]
[Source "ChessBase"]
[SourceDate "2010.11.26"]
[SourceVersion "1"]
[SourceVersionDate "2010.11.26"]
[SourceQuality "1"]

1. d4 Nf6 2. c4 e6 3. Nc3 c5 4. d5 exd5 5. cxd5 d6 6. e4 g6 7. Nf3 Bg7 8. Be2 0-0 9. Nd2 a6 10. a4 b6 11. 0-0 h5 12. h3 Nh7 13. f4 f5 14. Nc4 Bd4+ 15. Be3 Bxe3+ 16. Nxe3 fxe4 17. Nxe4 Re8 18. Bd3 Nf6 19. Nxf6+ Qxf6 20. Nc4 Ra7 21. f5 Bxf5 22. Bxf5 gxf5 23. Qxh5 Rf7 24. Rae1 Rxe1 25. Rxe1 Nd7 26. b3 Ne5 27. Nxb6 f4 28. Nc4 f3 29. Rf1 f2+ 30. Kh1 Ng6 31. Rxf2 Qxf2 32. Qxg6+ Rg7 33. Qe8+ Qf8 34. Qxf8+ Kxf8 35. Nxd6 Rd7 36. Nc4 Rxd5 37. g4 Rd3 38. Ne5 Rxh3+ 39. Kg2 Rc3 40. Kf2 Ke7 41. Nc6+ Ke6 42. Na5 Kd5 43. g5 Rh3 44. g6 Rh6 45. Ke3 Rxg6 46. Kd3 Rg3+ 47. Kc2 Rh3 48. Nc4 Kd4 49. Nd6 Rh2+ 50. Kb1 Kc3 51. Ne4+ Kb4 52. Kc1 Re2 0-1

[Event "Madrid Villaverde op 13th"]
[Site "Madrid"]
[Date "2010.06.30"]
[Round "3"]
[White "Cruz Monzon, Jose"]
[Black "Gutierrez Garcia, Alberto"]
[Result "1-0"]
[WhiteElo "1984"]
[BlackElo "1688"]
[PlyCount "85"]
[EventDate "2010.06.28"]
[EventType "swiss"]
[EventRounds "9"]
[EventCountry "ESP"]
[SourceTitle "EXT 2011"]
[Source "ChessBase"]
[SourceDate "2010.11.26"]
[SourceVersion "1"]
[SourceVersionDate "2010.11.26"]
[SourceQuality "1"]

1. d4 d5 2. c4 e6 3. Nc3 Nf6 4. Nf3 Nbd7 5. Bg5 Be7 6. e3 0-0 7. Bd3 b6 8. cxd5 exd5 9. 0-0 Bb7 10. Rc1 c5 11. Re1 Re8 12. Bb1 h6 13. Bh4 Rc8 14. Qd3 Ne4 15. Bg3 Ndf6 16. Ne5 Nxg3 17. hxg3 Bd6 18. Qf5 Qc7 19. Nb5 Qb8 20. Nxd6 Qxd6 21. Ng4 Nxg4 22. Qxg4 Qe6 23. Bf5 Qf6 24. Bxc8 Bxc8 25. Qf4 Qc6 26. dxc5 bxc5 27. Qd4 c4 28. e4 Bb7 29. exd5 Rxe1+ 30. Rxe1 Qxd5 31. Qxd5 Bxd5 32. Re7 c3 33. bxc3 a6 34. a4 Kf8 35. Ra7 Bc4 36. Rc7 Bb3 37. Rc6 Bxa4 38. Rxa6 Bb5 39. Ra7 Bc4 40. f3 g5 41. Kf2 Ke8 42. Ra8+ Ke7 43. Rh8 1-0

[Event "Madrid Villaverde op 12th"]
[Site "Madrid"]
[Date "2010.04.22"]
[Round "4"]
[White "Gomez Ferrer, Jesus"]
[Black "Cruz Monzon, Jose"]
[Result "1-0"]
[WhiteElo "1996"]
[BlackElo "2010"]
[PlyCount "149"]
[EventDate "2010.04.19"]
[EventType "swiss"]
[EventRounds "8"]
[EventCountry "ESP"]
[SourceTitle "CBM 136 Extra"]
[Source "ChessBase"]
[SourceDate "2010.07.02"]
[SourceVersion "2"]
[SourceVersionDate "2010.07.15"]
[SourceQuality "1"]

1. e4 c5 2. Nf3 Nc6 3. d4 cxd4 4. Nxd4 Nf6 5. Nc3 d6 6. Be3 e5 7. Nde2 Be7 8. g3 0-0 9. Bg2 Be6 10. 0-0 Ng4 11. Bc1 Rc8 12. h3 Nf6 13. Kh2 Qc7 14. b3 Rfd8 15. Nd5 Bxd5 16. exd5 Nd4 17. c4 b5 18. Nxd4 exd4 19. Qxd4 bxc4 20. bxc4 Qxc4 21. Qxa7 Nxd5 22. Be3 Nxe3 23. Qxe3 Bf6 24. Rfc1 Qd4 25. Qf3 Rc3 26. Rxc3 Qxc3 27. Rd1 Qa5 28. Qb3 Qc5 29. f4 g6 30. h4 Re8 31. Qd3 Qf2 32. Rd2 Re3 33. Qxg6+ hxg6 34. Rxf2 Bd4 35. Rd2 Bc5 36. Bd5 Kg7 37. Bb3 Kf6 38. Kg2 Bb4 39. Rf2 Bc5 40. Rd2 Kg7 41. Bd5 Re1 42. Kf3 Re3+ 43. Kg2 Re1 44. a4 Rg1+ 45. Kh2 Ra1 46. Ra2 Rd1 47. Bf3 Rd3 48. Be2 Re3 49. a5 d5 50. a6 Ba7 51. Kg2 d4 52. Rd2 Kf6 53. Bc4 Rc3 54. Bd3 Ra3 55. Kf3 Ra5 56. Ke4 Kg7 57. g4 f5+ 58. gxf5 gxf5+ 59. Kf3 Kh6 60. Rb2 Ra3 61. Ke2 Kh5 62. Bxf5 Kxh4 63. Rb7 Bc5 64. Bd3 Kg4 65. f5 Ra2+ 66. Kd1 Kf4 67. f6 Ke3 68. Rb3 Kf4 69. f7 Ra5 70. Rb5 Ra1+ 71. Kc2 Ra2+ 72. Kb3 Ra3+ 73. Kc4 Rc3+ 74. Kd5 Bf8 75. Rb8 1-0

[Event "Madrid Villaverde op 11th"]
[Site "Madrid"]
[Date "2009.07.06"]
[Round "5"]
[White "Cruz Monzon, Jose"]
[Black "Sanchez Millan, Eduardo"]
[Result "1/2-1/2"]
[WhiteElo "2034"]
[BlackElo "1914"]
[PlyCount "33"]
[EventDate "2009.06.29"]
[EventType "swiss"]
[EventRounds "9"]
[EventCountry "ESP"]
[SourceTitle "EXT 2010"]
[Source "ChessBase"]
[SourceDate "2010.11.25"]
[SourceVersion "1"]
[SourceVersionDate "2010.11.25"]
[SourceQuality "1"]

1. d4 Nf6 2. c4 e6 3. g3 d5 4. Bg2 Be7 5. Nf3 0-0 6. 0-0 b6 7. Nbd2 Bb7 8. b3 Nbd7 9. Bb2 Rc8 10. Rc1 c5 11. dxc5 Nxc5 12. Ne5 Nfe4 13. cxd5 exd5 14. Nxe4 Nxe4 15. Rxc8 Qxc8 16. Nd3 Rd8 17. Qc1 1/2-1/2

[Event "Madrid Villaverde op 11th"]
[Site "Madrid"]
[Date "2009.06.30"]
[Round "2"]
[White "Cruz Monzon, Jose"]
[Black "Benito Mellado, Humberto"]
[Result "1-0"]
[WhiteElo "2034"]
[BlackElo "1652"]
[PlyCount "75"]
[EventDate "2009.06.29"]
[EventType "swiss"]
[EventRounds "9"]
[EventCountry "ESP"]
[SourceTitle "EXT 2010"]
[Source "ChessBase"]
[SourceDate "2010.11.25"]
[SourceVersion "1"]
[SourceVersionDate "2010.11.25"]
[SourceQuality "1"]

1. d4 d5 2. c4 Nf6 3. Nc3 c6 4. Nf3 e6 5. Bg5 h6 6. Bh4 dxc4 7. e4 g5 8. Bg3 Bb4 9. Be5 Nbd7 10. Bxc4 Nxe5 11. Nxe5 Nxe4 12. 0-0 Nxc3 13. bxc3 Ba5 14. Qh5 Qf6 15. f4 Bxc3 16. fxg5 Bxd4+ 17. Kh1 Qxe5 18. Qxf7+ Kd8 19. Rae1 Qd6 20. g6 Qe7 21. g7 Bxg7 22. Rd1+ Bd7 23. Bxe6 Qxf7 24. Rxf7 Ke8 25. Rdxd7 Bf8 26. Rxb7 Rd8 27. Bb3 Bc5 28. g3 Rf8 29. Rh7 Rf1+ 30. Kg2 Rf2+ 31. Kh3 Rf6 32. Bf7+ Rxf7 33. Rbxf7 Rd2 34. Rb7 Rd8 35. Rh8+ Bf8 36. Rxa7 Rc8 37. Rah7 c5 38. Rxf8+ 1-0

[Event "Cullera op-A"]
[Site "Cullera"]
[Date "2006.07.24"]
[Round "4"]
[White "Cruz Monzon, Jose"]
[Black "Crecente Penalba, Jose Manuel"]
[Result "0-1"]
[WhiteElo "2022"]
[BlackElo "2096"]
[PlyCount "78"]
[EventDate "2006.07.20"]
[EventType "swiss"]
[EventRounds "9"]
[EventCountry "ESP"]
[SourceTitle "EXT 2007"]
[Source "ChessBase"]
[SourceDate "2006.11.23"]
[SourceVersion "1"]
[SourceVersionDate "2006.11.23"]
[SourceQuality "1"]

1. d4 Nf6 2. c4 e6 3. g3 d5 4. Bg2 Be7 5. Nf3 0-0 6. 0-0 b6 7. Qc2 Bb7 8. Nc3 Nbd7 9. b3 Rc8 10. Rd1 Re8 11. Bb2 c5 12. e4 cxd4 13. Nxd4 dxe4 14. Nxe4 Bxe4 15. Bxe4 Nxe4 16. Qxe4 Nf6 17. Qf3 Qc7 18. Nb5 Qb8 19. Bxf6 Bxf6 20. Rac1 Red8 21. Rxd8+ Rxd8 22. Rd1 a6 23. Nc3 Rxd1+ 24. Nxd1 Qd8 25. Ne3 h6 26. Qd1 Qxd1+ 27. Nxd1 a5 28. Kf1 Kf8 29. Ke2 Ke7 30. Ne3 Kd6 31. Nc2 Kc5 32. Kd3 Bb2 33. f4 f5 34. Ne3 Bd4 35. a3 Bxe3 36. Kxe3 a4 37. b4+ Kxc4 38. Kd2 Kb3 39. Kd3 Kxa3 0-1